[Event "Werfen op"]
[Site "Werfen"]
[Date "1995.??.??"]
[Round "8"]
[White "Piven, Igor"]
[Black "Neumeier, Klaus"]
[Result "1/2-1/2"]
[WhiteElo "2365"]
[BlackElo "2290"]

1.d4 Nf6 2.c4 g6 3.Nf3 Bg7 4.g3 O-O 5.Bg2 d6 6.Nc3 Nbd7 7.O-O e5 8.e4 c6
9.h3 Qb6 10.b3 exd4 11.Na4 Qd8 12.Nxd4 Nc5 13.Nc3 Re8 14.Re1 a5 15.Rb1 Nfd7
16.Be3 h5 17.Qc2 Nf8 18.Rbd1 Qe7 19.f4 Nfe6 20.Qd2 h4 21.g4 Nxd4 22.Bxd4 Bxd4+
23.Qxd4 Ne6 24.Qd2 Qf6 25.f5 Ng5 26.Re3 gxf5 27.gxf5 Qe5 28.Rd3 f6 29.Rxd6 Qg3
30.Kh1 Nxh3 31.Rf1 Ng5 32.Rxf6 h3 33.Rg1 Kh7 34.Qe2 hxg2+ 35.Rxg2 Qh4+ 36.Rh2 Nh3
37.Qe3 Qxf6 38.Qxh3+ Kg7 39.Rg2+ Kf8 40.Qh7 Be6 41.Rg6 Qxc3 42.fxe6 Qf3+
43.Kg1 Qe3+ 44.Kh2 Qf4+  1/2-1/2

[Event "Hoogovens op"]
[Site "Wijk aan Zee"]
[Date "1995.??.??"]
[Round "5"]
[White "Hulak, Krunoslav"]
[Black "Zapata, Alonso"]
[Result "1/2-1/2"]
[WhiteElo "2545"]
[BlackElo "2535"]

1.d4 Nf6 2.c4 g6 3.g3 Bg7 4.Bg2 O-O 5.Nf3 d6 6.O-O c6 7.Nc3 Nbd7 8.e4 e5
9.h3 Qb6 10.c5 dxc5 11.dxe5 Ne8 12.e6 fxe6 13.Ng5 Ne5 14.f4 Nf7 15.Nxf7 Bd4+
16.Kh2 Rxf7 17.e5 Qc7 18.h4 b6 19.Ne4 Ba6 20.Rh1 Rd8 21.Ng5 Bxb2 22.Bxb2 Rxd1
23.Rhxd1 Re7 24.Rac1 Be2 25.Rd2 Bg4 26.Ne4 Rd7 27.Rd6 Qd8 28.Rc2 Nxd6 29.exd6 Bf5
30.Nf6+ Qxf6 31.Bxf6 Bxc2 32.Be5 Ba4 33.Kg1 c4 34.Kf2 c5 35.Ke3 c3 36.g4 Kf7
37.g5 Bb5 38.Be4 Rd8 39.a3 a6 40.Bf3 Bc4 41.Bb7 Bb5 42.Be4 a5 43.Bf3 Ke8
44.h5 Kd7 45.h6 Rg8 46.Bd1 a4 47.Bc2 Ra8 48.Bxc3 Kxd6 49.Be5+ Kd7 50.Kd2 Bf1
51.Bxg6 hxg6 52.h7 Kc6 53.h8=Q Rxh8 54.Bxh8 Kd5 55.Kc3 Ba6 56.Be5 Ke4 57.Bd6 Ke3
58.Bc7 Bf1 59.Bd6 b5 60.Be5 Bg2 61.Bd6 Bb7 62.Be5 Ke4 63.Bc7 Bd5 64.Be5 Ke3
65.Bd6 Ke4 66.Be5 b4+ 67.axb4 c4 68.b5 a3 69.b6 a2 70.Kb2 c3+ 71.Bxc3 Kxf4
72.Bd2+ Ke4 73.Bc3 e5 74.b7 Bxb7 75.Kxa2 Kf4 76.Kb2 e4 77.Bf6 e3 78.Kc2 Kf3
79.Bd4 Ke2 80.Bb6 Ba6 81.Bc5 Bd3+ 82.Kc3 Bf5 83.Bb6 Kf3 84.Bc5 Kf4 85.Bb6 Kf3
86.Bc5 Bd7 87.Bb6 Bb5 88.Bc5 Kf4 89.Be7 Kg4 90.Bd8 Kg3 91.Bb6 Kf2 92.Bc5 Bd7
93.Bb6 Bg4 94.Bc5 Kf3 95.Bb6 Kf4 96.Bd8 Be2 97.Be7 Kf3 98.Bc5 Ba6  1/2-1/2

[Event "Hoogovens op"]
[Site "Wijk aan Zee"]
[Date "1995.??.??"]
[Round "10"]
[White "Tregubov, Pavel V"]
[Black "Nijboer, Friso"]
[Result "1-0"]
[WhiteElo "2515"]
[BlackElo "2510"]

1.d4 Nf6 2.Nf3 g6 3.c4 Bg7 4.g3 O-O 5.Bg2 d6 6.O-O a6 7.b3 b5 8.Nbd2 Bb7
9.Qc2 c5 10.dxc5 Nfd7 11.Bb2 Bxb2 12.Qxb2 Nxc5 13.b4 Na4 14.Qd4 Nc6 15.Qh4 Kg7
16.cxb5 axb5 17.Rac1 Ra6 18.Rfd1 e6 19.Qe4 Qf6 20.Qd3 Na7 21.g4 h6 22.h4 e5
23.Qe3 Nb2 24.Re1 Rc8 25.Nxe5 Bxg2 26.Nd7 Qe6 27.Qd4+ f6 28.f3 Nc4 29.Ne4 Qxd7
30.Qxf6+ Kh7 31.Kxg2 Qg7 32.Qe6 Rf8 33.g5 d5 34.Qxa6 dxe4 35.Qe6 Qb7 36.Rc3 exf3+
37.exf3 Qf7 38.Qxf7+ Rxf7 39.a4 Nb2 40.a5 Nc4 41.Rd3 Nc6 42.Rd5 hxg5 43.Rxb5 Nd4
44.Rc5 Nxf3 45.Rh1 Ne3+ 46.Kf2 Ng4+ 47.Kg3 Nfe5 48.hxg5+ Kg7 49.a6 Rf3+ 50.Kh4 Rf4
51.Rg1 Nf6+ 52.Kh3 Rf3+ 53.Rg3 Rxg3+ 54.Kxg3 Ne4+ 55.Kg2 Nxc5 56.a7 Ncd7
57.a8=Q Nb6 58.Qa1  1-0

[Event "RUS-sf"]
[Site "Yaroslavl"]
[Date "1995.??.??"]
[Round "2"]
[White "Dokuchaev, Aleksander"]
[Black "Gorshkov, Alexander A"]
[Result "1-0"]
[WhiteElo "2420"]
[BlackElo "2350"]

1.d4 Nf6 2.Nf3 d6 3.g3 g6 4.c4 Bg7 5.Bg2 O-O 6.O-O a6 7.Nc3 Nbd7 8.e4 e5
9.h3 Rb8 10.Re1 h6 11.a3 Re8 12.Be3 c6 13.d5 c5 14.Nd2 Rf8 15.b4 b6 16.Rb1 Ne8
17.bxc5 dxc5 18.g4 Nd6 19.a4 Rb7 20.a5 bxa5 21.Rxb7 Nxb7 22.Qa4 h5 23.Rb1 hxg4
24.hxg4 Nb8 25.Nb3 Bxg4 26.Nxc5 Nxc5 27.Bxc5 Qg5 28.Kf1 Nd7 29.Bxf8 Bxf8
30.Qc2 Bc5 31.Na4 Bd4 32.c5 Qf4 33.c6 Nf6 34.c7 Kg7 35.Rb8 Bd7 36.Nb2 Ng4
37.Nd3 Ne3+ 38.Kg1 Qg5 39.fxe3 Qxe3+ 40.Nf2 Qe1+ 41.Bf1 Bh3 42.Rb1 Bxf2+
43.Kh1 Qe3 44.Rb3 Qe1 45.Qe2  1-0

[Event "RUS-sf"]
[Site "Yaroslavl"]
[Date "1995.??.??"]
[Round "9"]
[White "Skomorokhin, Roman"]
[Black "Yasinsky, V."]
[Result "1-0"]
[WhiteElo "2460"]
[BlackElo "2380"]

1.d4 Nf6 2.c4 g6 3.Nf3 Bg7 4.g3 O-O 5.Bg2 d6 6.O-O Nbd7 7.Qc2 e5 8.Rd1 Re8
9.e4 c6 10.Nc3 Qb6 11.h3 exd4 12.Nxd4 Nc5 13.Be3 Qb4 14.a3 Qb6 15.b4 Ncd7
16.Ndb5 Qxe3 17.fxe3 cxb5 18.Nxb5 Ne5 19.Nc7 Be6 20.Nxa8 Rxa8 21.Rxd6 Bxc4
22.Rad1 h5 23.Rd8+ Rxd8 24.Rxd8+ Kh7 25.Qc3 Nfg4 26.Rd4  1-0

[Event "ARM-ch"]
[Site "Yerevan"]
[Date "1995.??.??"]
[Round "2"]
[White "Petrosian, Arshak B"]
[Black "Nalbandian, Tigran"]
[Result "0-1"]
[WhiteElo "2435"]
[BlackElo "2460"]

1.Nf3 Nf6 2.g3 g6 3.d4 Bg7 4.c4 O-O 5.Bg2 d6 6.Nc3 Nbd7 7.O-O e5 8.h3 Re8
9.e4 exd4 10.Nxd4 a6 11.Bg5 h6 12.Be3 Nc5 13.Qc2 Bd7 14.Rfe1 Qc8 15.g4 h5
16.g5 Nh7 17.h4 Bh3 18.f3 c6 19.Rad1 b5 20.b4 Ne6 21.Nde2 Bxg2 22.Kxg2 bxc4
23.Rxd6 Bf8 24.Rd2 Bxb4 25.Rb1 Rb8 26.Rdd1 Bc5 27.Bxc5 Rxb1 28.Qxb1 Nxc5
29.Rd4 Nd3 30.Rxc4 Ne5 31.Rb4 Nf8 32.Rb3 Ne6 33.Na4 Qd8 34.Qc2 Qa5 35.Nac3 Qc5
36.Qc1 Nd3 37.Qg1 Nef4+ 38.Nxf4 Nxf4+ 39.Kh2 Qd6 40.Qg3 Qd2+ 41.Kh1 Rd8 42.e5 Rd3
43.Ne4 Qc1+ 44.Kh2 Rd1 45.Nf2 Rd2 46.e6 Qf1 47.exf7+ Kh7 48.f8=N+ Kg8  0-1

[Event "ARM-ch"]
[Site "Yerevan"]
[Date "1995.??.??"]
[Round "8"]
[White "Petrosian, Arshak B"]
[Black "Kalantarian, Norik"]
[Result "1-0"]
[WhiteElo "2435"]
[BlackElo "2495"]

1.d4 g6 2.Nf3 Bg7 3.g3 d6 4.Bg2 Nf6 5.c4 O-O 6.Nc3 Nbd7 7.O-O e5 8.h3 Re8
9.e4 c6 10.Be3 exd4 11.Nxd4 Nc5 12.Qc2 a5 13.Nb3 Nfd7 14.Nxc5 Nxc5 15.Rad1 Qe7
16.Bd4 f5 17.Bxg7 Qxg7 18.Rxd6 fxe4 19.Qd2 Be6 20.Qg5 Bxc4 21.Qxc5 Bxf1 22.Bxf1 Qe5
23.Qc4+ Kg7 24.Rd7+ Re7 25.Rxe7+ Qxe7 26.Qd4+ Qf6 27.Qd7+ Qf7 28.Qd4+ Qf6
29.Qd7+ Qf7 30.Qxf7+ Kxf7 31.Nxe4 Rd8 32.Be2 a4 33.a3 Ke6 34.f3 Ke5 35.Kf2 Kd4
36.Ke1 Ke3 37.Nc3 b5 38.Nd1+ Kd4 39.Kd2 Rb8 40.Ne3 Re8 41.Nc2+ Kc5 42.f4 Kb6
43.h4 c5 44.h5 Rd8+ 45.Kc3 Ka5 46.h6 Re8 47.Bd3 Kb6 48.Kd2 c4 49.Be2 Kc5
50.Ne3 Rd8+ 51.Ke1 Kd4 52.Kf2 Kc5 53.g4 Rd2 54.g5 Rxb2 55.f5 Rd2 56.fxg6 hxg6
57.h7 Rd8 58.Bh5 b4 59.axb4+ Kxb4 60.Bxg6 Kc5 61.Bf7  1-0

[Event "Zadar op"]
[Site "Zadar"]
[Date "1995.??.??"]
[Round "?"]
[White "Petrov, Jole"]
[Black "Hulak, Krunoslav"]
[Result "0-1"]
[WhiteElo "2275"]
[BlackElo "2545"]

1.d4 Nf6 2.Nf3 g6 3.c4 Bg7 4.g3 O-O 5.Bg2 d6 6.O-O Nbd7 7.d5 e5 8.dxe6 fxe6
9.Nc3 Nb6 10.Nd2 d5 11.c5 Nbd7 12.Nb3 Qe7 13.e4 c6 14.Be3 b6 15.exd5 exd5
16.Nxd5 cxd5 17.Bxd5+ Nxd5 18.Qxd5+ Qf7 19.Qxa8 Ne5 20.f4 Bb7 21.fxe5 Qd5
22.Rxf8+ Bxf8 23.Qxb7 Qxb7 24.cxb6 axb6 25.Bf2 Qa6 26.e6 Be7 27.Nd4 Kf8 28.Nc6 Bf6
29.Rf1 Ke8 30.e7 Qc4 31.Na7 Bxb2 32.Rd1 Kxe7 33.Bxb6 Ba3 34.Bf2 Ke6 35.Rd8 Bc5  0-1

[Event "Zadar op"]
[Site "Zadar"]
[Date "1995.??.??"]
[Round "?"]
[White "Petrov, Jole"]
[Black "Sevo, Igor"]
[Result "1-0"]
[WhiteElo "2275"]
[BlackElo "2125"]

1.d4 Nf6 2.Nf3 g6 3.c4 Bg7 4.g3 O-O 5.Bg2 d6 6.O-O c6 7.Nc3 Nbd7 8.e4 e5
9.b3 Re8 10.Rb1 Qb6 11.d5 cxd5 12.cxd5 Nc5 13.Nd2 Qd8 14.Nc4 b5 15.Nxb5 Ncxe4
16.Ba3 Bf8 17.Bb4 a5 18.Be1 Bd7 19.a4 Bxb5 20.axb5 Nc5 21.Nxa5 Qb6 22.Qe2 Reb8
23.Nc6 Rb7 24.Qf3 Ne8 25.Bb4 Qxb5 26.Rfd1 Ra2 27.Bf1 Qb6 28.Bc4 Na6 29.Ba5 Rxa5
30.Nxa5 Qxa5 31.Ra1 Qc5 32.Rxa6 f5 33.Qe3 Qc8 34.Rda1  1-0

[Event "EU-ch U16"]
[Site "Zagan"]
[Date "1995.??.??"]
[Round "11"]
[White "Vaklinov, Atanas"]
[Black "Njirjak, Josip"]
[Result "1/2-1/2"]
[WhiteElo "2025"]
[BlackElo "2220"]

1.d4 Nf6 2.Nf3 g6 3.c4 Bg7 4.g3 O-O 5.Bg2 d6 6.O-O c5 7.Nc3 Nc6 8.d5 Na5
9.Nd2 e5 10.a3 b6 11.b4 Nb7 12.e4 Ng4 13.Qe2 Bd7 14.f3 Nh6 15.b5 f5 16.a4 Na5
17.Ra3 Kh8 18.Nd1 f4 19.g4 Ng8 20.Nb3 Nxb3 21.Rxb3 h5 22.h3  1/2-1/2

[Event "Zagreb-ch"]
[Site "Zagreb"]
[Date "1995.??.??"]
[Round "?"]
[White "Glavica, Zeljko"]
[Black "Kosanski, Stanko"]
[Result "0-1"]
[WhiteElo "2290"]
[BlackElo "2435"]

1.d4 Nf6 2.c4 g6 3.g3 Bg7 4.Bg2 d6 5.Nf3 O-O 6.O-O Nc6 7.d5 Na5 8.Nfd2 c6
9.a3 cxd5 10.cxd5 Ng4 11.Ra2 Ne5 12.b4 Nac4 13.Nxc4 Nxc4 14.a4 Bd7 15.Nd2 Rc8
16.Qb3 Qc7 17.b5 a6 18.Nxc4 Qxc4 19.Qxc4 Rxc4 20.bxa6 bxa6 21.a5 h6 22.Be3 Rfc8
23.f4 Rc2 24.Rxc2 Rxc2 25.Bf3 Bb5 26.Kf2 Bc3 27.Bb6 Ra2 28.Rc1 Bxa5 29.Rc8+ Kg7
30.Bd4+ f6 31.Bg4 h5 32.Be6 Rxe2+ 33.Kf3 Rd2 34.Be3 Rxh2 35.f5 Be2+ 36.Kf4 g5+
37.Ke4 h4 38.Rg8+ Kh7 39.Re8 hxg3 40.Rxe7+ Kh6  0-1

[Event "Zalakaros op"]
[Site "Zalakaros"]
[Date "1995.??.??"]
[Round "3"]
[White "Seres, Lajos"]
[Black "Peter, Ambrus"]
[Result "1/2-1/2"]
[WhiteElo "2430"]
[BlackElo "2335"]

1.d4 Nf6 2.Nf3 g6 3.c4 Bg7 4.g3 O-O 5.Bg2 d6 6.O-O Nc6 7.d5 Na5 8.Nfd2 c5
9.Nc3 Bd7 10.Qc2 b5 11.Nxb5 Bxb5 12.cxb5 Qb6 13.Rb1 Qxb5 14.Re1 c4 15.e4 Nd7
16.Nf3 Nc5 17.Bg5 Rfe8 18.Red1 Rab8 19.Bd2 Rec8 20.Bf1 Qb6 21.Be1 Rc7 22.Kg2 Rbc8  1/2-1/2

[Event "Zalakaros op"]
[Site "Zalakaros"]
[Date "1995.??.??"]
[Round "5"]
[White "Seres, Lajos"]
[Black "Groszpeter, Attila"]
[Result "0-1"]
[WhiteElo "2430"]
[BlackElo "2520"]

1.d4 Nf6 2.Nf3 g6 3.c4 Bg7 4.g3 O-O 5.Bg2 d6 6.O-O Nc6 7.d5 Na5 8.Nfd2 c5
9.Nc3 a6 10.Qc2 Rb8 11.b3 b5 12.Bb2 e6 13.Rab1 Re8 14.Rfe1 Bd7 15.Ba1 exd5
16.cxd5 b4 17.Nce4 Nxe4 18.Bxe4 Bxa1 19.Rxa1 Qf6 20.a3 c4 21.Nxc4 Nxc4 22.Qxc4 bxa3
23.Rxa3 Qb2 24.Raa1 Bb5 25.Qc2 Qxc2 26.Bxc2 Bxe2 27.f4 Bb5 28.Kf2 Rec8 29.Rac1 Rc3  0-1

[Event "Zalakaros op"]
[Site "Zalakaros"]
[Date "1995.??.??"]
[Round "5"]
[White "Chetverik, Maxim"]
[Black "Semenova, Irina"]
[Result "1/2-1/2"]
[WhiteElo "2335"]
[BlackElo "2160"]

1.d4 Nf6 2.c4 g6 3.Nf3 Bg7 4.g3 O-O 5.Bg2 d6 6.O-O Nbd7 7.Nc3 e5 8.h3 Re8
9.Be3 exd4 10.Bxd4 Nb6 11.b3 c5 12.Bxf6 Qxf6 13.Rc1 a6 14.Qd2 h6 15.Rfd1 Re6
16.a4 Bd7 17.a5 Nc8 18.Nd5 Qd8 19.Rc2 Ne7 20.Nb6 Rb8 21.b4 cxb4 22.Qxb4 Nc8
23.Nxd7 Qxd7 24.Nd4 Bxd4 25.Rxd4 Ne7 26.Qd2 Nf5 27.Rd3 Qa4 28.Bd5 Re7 29.Ra2 Qe8
30.e4 Rxe4 31.Bxe4 Qxe4 32.Rc2 Rc8 33.Qc3 h5 34.Rc1 Kh7 35.Rdd1 Kg8 36.Re1 Qd4
37.Qxd4 Nxd4 38.Kg2 Nb3 39.Rcd1 Rc6 40.Re8+ Kg7 41.Rd5 Rxc4 42.Rb8 Rc5 43.Rxd6 Nxa5
44.Rd7 Rf5 45.g4 Rc5 46.f4 hxg4 47.hxg4 g5 48.f5 Rc4 49.Kg3 Rc3+ 50.Kf2  1/2-1/2

[Event "Zalakaros op"]
[Site "Zalakaros"]
[Date "1995.??.??"]
[Round "5"]
[White "Horvath, Jozsef"]
[Black "Borocz, Istvan"]
[Result "1/2-1/2"]
[WhiteElo "2515"]
[BlackElo "2415"]

1.d4 Nf6 2.c4 g6 3.Nf3 Bg7 4.g3 O-O 5.Bg2 d6 6.Nc3 Nbd7 7.O-O e5 8.e4 c6
9.Rb1 a5 10.h3 a4 11.Be3 exd4 12.Nxd4 Re8 13.Re1 Nc5 14.Qc2 Nfd7 15.b4 axb3
16.axb3 h5 17.f4 Nf8 18.b4 Nce6 19.Nde2 f5 20.Rbd1 Qe7 21.Bf2 h4 22.gxh4 Ra3
23.Qb2 Ra8 24.Qb3 Qf7 25.Rxd6 fxe4 26.Nxe4 Nxf4 27.Nxf4 Qxf4 28.Bg3 Qf7 29.Rf1 Bf5
30.Ng5 Qe7 31.c5+ Kh8 32.Nf7+ Kh7 33.Ng5+ Kh8 34.Bf4 Ne6 35.Nxe6 Bxe6 36.Qg3 Bf5
37.h5 gxh5 38.Bg5 Qe5 39.Qh4 Bh7 40.Rd7 Ra1 41.Qf4 Rxf1+ 42.Bxf1 Qxf4 43.Bxf4 Re4
44.Bh6  1/2-1/2

[Event "Zalakaros op"]
[Site "Zalakaros"]
[Date "1995.??.??"]
[Round "7"]
[White "Chetverik, Maxim"]
[Black "Szekeres, Tibor"]
[Result "1-0"]
[WhiteElo "2335"]
[BlackElo "2215"]

1.d4 Nf6 2.c4 g6 3.Nf3 Bg7 4.g3 O-O 5.Bg2 d6 6.O-O Nbd7 7.Qc2 e5 8.Rd1 Qe7
9.Nc3 c6 10.dxe5 Nxe5 11.Nxe5 dxe5 12.h3 Bf5 13.Qa4 Rfd8 14.Be3 Nd7 15.b3 a6
16.Qa5 Bf8 17.g4 Be6 18.Ne4 h6 19.g5 Bf5 20.Nd6 b6 21.Qc3 e4 22.gxh6 Qh4
23.Bc1 Nf6 24.Bb2 Be7 25.Qe5 Kf8 26.Nxf5 gxf5 27.Qxf5 Qxh6 28.Kh1 e3 29.fxe3 Nh5
30.Be5 Bf6 31.Rxd8+ Rxd8 32.Rf1 Qxe3 33.Bc7  1-0

[Event "EU-ch U20 Girls"]
[Site "Zanka"]
[Date "1995.??.??"]
[Round "8"]
[White "Khurtsidze, Nino"]
[Black "Hagarova, Zuzana"]
[Result "1/2-1/2"]
[WhiteElo "2300"]
[BlackElo "2230"]

1.d4 Nf6 2.Nf3 g6 3.c4 Bg7 4.g3 O-O 5.Bg2 d6 6.O-O Nbd7 7.Nc3 e5 8.Qc2 Re8
9.Rd1 c6 10.b3 e4 11.Ng5 e3 12.fxe3 Nf8 13.e4 Qe7 14.e3 Bh6 15.Nf3 Nxe4 16.Qxe4 Qxe4
17.Nxe4 Rxe4 18.Ng5 Re8 19.Ne4 Rd8 20.Kf2 Bf5 21.Nc3 Bg4 22.Re1 Bg7 23.h3 Be6
24.Bb2 d5 25.cxd5 Bxd5 26.Nxd5 cxd5 27.Rac1 Ne6 28.h4 h5 29.Rc2 f5 30.Bc3 Rac8
31.Rec1 Bf8 32.Ba5 Rxc2+ 33.Rxc2 Rd7 34.Ke2 Kf7 35.Rc8 Be7 36.Bf3 Bd8 37.Bd2 Bc7
38.Be1 Bd8 39.Ra8 a6 40.a4 Nf8 41.Rb8 Ke6 42.Ba5 Bxa5 43.Rxf8 Bc7 44.Kf2 Rd8
45.Rxd8 Bxd8  1/2-1/2

[Event "Zaragoza op-B"]
[Site "Zaragoza"]
[Date "1995.??.??"]
[Round "7"]
[White "De la Rocha, Ramon"]
[Black "Del Rey, Diego"]
[Result "1/2-1/2"]
[WhiteElo "2280"]
[BlackElo "2315"]

1.d4 Nf6 2.c4 g6 3.Nf3 Bg7 4.g3 O-O 5.Bg2 d6 6.O-O c6 7.Nc3 Bf5 8.Re1 Ne4
9.Nxe4 Bxe4 10.Bh3 Bxf3 11.exf3 e6 12.Be3 d5 13.c5 Nd7 14.b4 f5 15.f4 Nf6
16.a4 h5 17.b5 h4 18.Rb1 hxg3 19.hxg3 Rf7 20.Rb4 Bf8 21.Rb2 Ne4 22.Bg2 Bh6
23.Qb3 g5 24.fxg5 Bxg5 25.f4 Bf6 26.Bxe4 fxe4 27.bxc6 bxc6 28.Reb1 Rg7 29.Rg2 Qa5
30.Qb4 Qa6 31.g4 Rf8 32.g5 Bd8 33.Qb3 Bc7 34.Qd1 Qd3 35.Qxd3 exd3 36.Rg4 Kh7
37.Kg2 Kg6 38.Kf3 Rh8 39.Rg3 Kf5 40.Rb3 Rh4 41.Rb7 Be5 42.fxe5 Rxb7 43.g6 Rh5
44.g7 Rb8 45.Bf4 Rg8 46.Bc1 a6 47.Bf4 a5 48.Bc1 Rxg7 49.Rxg7 Rh3+ 50.Kf2 Rh2+
51.Ke1 Rh1+ 52.Kd2 Ke4 53.Rg4+ Kf3 54.Rg6 Ke4 55.Rg2 Kf3 56.Rg6 Ke4 57.Rg2  1/2-1/2

[Event "TUN-SVK"]
[Site "Sousse"]
[Date "1996.08.05"]
[Round "4"]
[White "Tibensky, Robert"]
[Black "Kaabi, Mejdi"]
[Result "1-0"]
[WhiteElo "2440"]
[BlackElo "2395"]

1.d4 g6 2.c4 Bg7 3.Nf3 Nf6 4.g3 O-O 5.Bg2 d6 6.O-O Nc6 7.d5 Na5 8.Qa4 c5
9.Bd2 b6 10.Bc3 Bd7 11.Qc2 b5 12.cxb5 Bxb5 13.Na3 a6 14.Rad1 Qb6 15.Rfe1 Rab8
16.e4 Nd7 17.e5 f6 18.e6 Ne5 19.Nxe5 fxe5 20.b3 c4 21.b4 Nb7 22.Nxb5 axb5
23.Be4 Ra8 24.Qb2 Ra4 25.Kg2 Qa7 26.Bb1 Ra3 27.Re2 Ra8 28.Re4 Bh6 29.h4 Rxc3
30.Qxc3 Qa3 31.Qe1 c3 32.Rg4 Rf8 33.Qe4 Rf6 34.h5 Qb2 35.Bc2 Bg7 36.Rh1 Qxa2
37.hxg6 hxg6 38.Rgh4 Qa7 39.f3 Nd8 40.Rb1 Nb7 41.Rbh1  1-0

[Event "US op"]
[Site "Alexandria"]
[Date "1996.??.??"]
[Round "8"]
[White "Ippolito, Dean"]
[Black "Garcia, Francico Javier"]
[Result "1-0"]
[WhiteElo "2205"]
[BlackElo "2130"]

1.Nf3 Nf6 2.c4 g6 3.g3 Bg7 4.Bg2 d6 5.d4 O-O 6.O-O Nc6 7.Nc3 e5 8.d5 Ne7
9.e4 Bg4 10.b4 a5 11.bxa5 Rxa5 12.Qb3 Qc8 13.Ba3 b6 14.Bb4 Ra8 15.a4 Nh5
16.a5 bxa5 17.Rxa5 Rxa5 18.Bxa5 c6 19.Rb1 cxd5 20.cxd5 Bh3 21.Qb7 Bxg2 22.Kxg2 Qg4
23.Ng1 Nc8 24.Qc7 Bf6 25.h3 Qg5 26.Rb8 Ne7 27.Nb1 Nf4+ 28.Kh2 Nd3 29.Bd2 Qh5
30.Kg2 Rxb8 31.Qxb8+ Kg7 32.Qb5 Nc5 33.g4  1-0

[Event "Ashkhabad"]
[Site "Ashkhabad"]
[Date "1996.??.??"]
[Round "6"]
[White "Irzhanov, Ruslan"]
[Black "Aliev, Kerim"]
[Result "1/2-1/2"]
[WhiteElo "2500"]
[BlackElo "2225"]

1.d4 Nf6 2.c4 g6 3.Nf3 Bg7 4.g3 O-O 5.Bg2 d6 6.O-O Nbd7 7.Nc3 c6 8.h3 e5
9.e4 Qe7 10.Bg5 h6 11.Be3 Kh8 12.Qd2 Ng8 13.Rad1 f5 14.c5 dxc5 15.dxe5 Nxe5
16.Nxe5 Qxe5 17.f4 Qe7 18.e5 c4 19.Qf2 Qf7 20.Bxa7 Be6 21.Bb6 Ne7 22.a4 Rg8
23.Rd2 Bf8 24.Rfd1 g5 25.Kh2 gxf4 26.gxf4 Ng6 27.Bd8 Be7 28.Bxe7 Qxe7 29.Rd6 Rg7
30.Bh1 Rag8 31.Ne2 Nf8 32.a5 Qf7 33.a6 bxa6 34.Rxc6 Kh7 35.Rdd6 Rg6 36.Rxa6 R8g7
37.Nd4 Bc8 38.Rxg6 Nxg6 39.Rc6 Qg8 40.Rf6 Qd8 41.Rd6 Qa5 42.Nc6 Qa1 43.Bg2 Bb7
44.Rf6 Qc1 45.e6 Nxf4 46.Rf7 Bxc6 47.Bxc6 Rxf7 48.exf7 Kg7 49.Be8 Ne6 50.Qg3+ Qg5
51.h4 Qxg3+ 52.Kxg3 Nc5 53.Bb5 Nd3 54.Bxc4 f4+ 55.Kh2  1/2-1/2

[Event "Ashkhabad"]
[Site "Ashkhabad"]
[Date "1996.??.??"]
[Round "8"]
[White "Irzhanov, Ruslan"]
[Black "Safin, Shukhrat"]
[Result "1-0"]
[WhiteElo "2500"]
[BlackElo "2510"]

1.d4 Nf6 2.c4 g6 3.Nf3 Bg7 4.g3 O-O 5.Bg2 d6 6.O-O Nbd7 7.Nc3 e5 8.e4 c6
9.h3 Qb6 10.Re1 exd4 11.Nxd4 Ng4 12.Nce2 Ngf6 13.Qc2 Nc5 14.Be3 a5 15.b3 Re8
16.Nc3 a4 17.Rab1 Qb4 18.Bd2 axb3 19.axb3 Qb6 20.Nde2 Ne6 21.Be3 Qb4 22.Red1 Nd7
23.Qd2 Ndc5 24.Qc2 Ra3 25.Na2 Qa5 26.Nac1 Qc7 27.b4 Rxe3 28.fxe3 Nd7 29.Nd3 Ng5
30.Ndf4 Nf6 31.Rd4 Qe7 32.g4 Ngxe4 33.b5 Nc5 34.bxc6 bxc6 35.Bxc6 Qxe3+ 36.Kh1 Rf8
37.Qd2 Qf2 38.Bg2 h5 39.g5 Nh7 40.Rf1 Qh4 41.Nxg6 Qxg5 42.Qxg5 Nxg5 43.Ne7+ Kh7
44.Rh4 Bh6 45.Rxh5 Kg7 46.Ng3  1-0

[Event "GRE-chT"]
[Site "Athens"]
[Date "1996.??.??"]
[Round "9"]
[White "Tsorbatzoglou, Theodoros"]
[Black "Tsarouhas, Konstantinos"]
[Result "1-0"]
[WhiteElo "2265"]
[BlackElo "2215"]

1.d4 Nf6 2.Nf3 g6 3.c4 Bg7 4.g3 O-O 5.Bg2 d6 6.O-O Nbd7 7.Qc2 e5 8.Rd1 Re8
9.dxe5 dxe5 10.e4 c6 11.h3 Qa5 12.a3 Nc5 13.Nc3 Qc7 14.b4 Ne6 15.Be3 b6 16.Rac1 Bb7
17.Qa4 a5 18.Qb3 axb4 19.axb4 Bf8 20.Ne1 Qe7 21.Nc2 c5 22.bxc5 Nxc5 23.Qxb6 Nfxe4
24.Nxe4 Nxe4 25.c5 Red8 26.Nb4  1-0

[Event "AUT-chT2S 9697"]
[Site "Austria"]
[Date "1996.??.??"]
[Round "1"]
[White "Kiss, Attila"]
[Black "Tratar, Marko"]
[Result "1/2-1/2"]
[WhiteElo "2435"]
[BlackElo "2420"]

1.d4 Nf6 2.c4 g6 3.Nf3 Bg7 4.g3 O-O 5.Bg2 d6 6.O-O Nbd7 7.Nc3 e5 8.h3 exd4
9.Nxd4 Re8 10.e4 a6 11.Be3 Rb8 12.b3 c5 13.Nde2 b5 14.Qxd6 b4 15.Na4 Nxe4
16.Bxe4 Bxa1 17.Rxa1 Rxe4 18.Nxc5 Re8 19.Rd1 Qe7 20.Qxe7 Rxe7 21.Nf4 Nxc5
22.Bxc5 Rd7 23.Nd5 Kg7 24.Bd4+ f6 25.Bxf6+ Kf7 26.Be5 Rb6 27.Rd4 Re6 28.Rf4+ Ke8
29.Nf6+ Rxf6 30.Rxf6 Rd1+ 31.Kh2 Bb7 32.g4 Rd2 33.Kg3 a5 34.Rb6 Bc8 35.c5 Rxa2
36.Rb8 Kd8 37.Bf6+ Kc7 38.Be5+ Kd8 39.Bf6+ Kc7 40.Be5+ Kd8  1/2-1/2

[Event "AUT-chT9697"]
[Site "Austria"]
[Date "1996.??.??"]
[Round "2"]
[White "Ivancsics, Michael"]
[Black "Schweda, Roland"]
[Result "1/2-1/2"]
[WhiteElo "2240"]
[BlackElo "2370"]

1.d4 Nf6 2.c4 g6 3.g3 Bg7 4.Bg2 O-O 5.Nf3 d6 6.O-O Nc6 7.Nc3 a6 8.h3 e5 9.dxe5 dxe5
10.Qxd8 Rxd8 11.Bg5 Be6 12.Nd2 h6 13.Bxf6 Bxf6 14.Nd5 Bxd5 15.cxd5 Nb4 16.Ne4 Nxd5
17.Nxf6+ Nxf6 18.Bxb7 Ra7 19.Bf3 e4 20.Bg2 Rd2 21.b3 Rxe2 22.Rfe1 Rc2 23.Bxe4 Nxe4
24.Rxe4 Rb7 25.Kf1 Rb6 26.Re2 Rbc6 27.Rae1 R2c3  1/2-1/2

[Event "AUT-chT2S 9697"]
[Site "Austria"]
[Date "1996.??.??"]
[Round "3"]
[White "Krebs, Johann"]
[Black "Januschke, Markus"]
[Result "1-0"]
[WhiteElo "2225"]
[BlackElo "2130"]

1.d4 Nf6 2.c4 g6 3.Nf3 Bg7 4.g3 O-O 5.Bg2 d6 6.O-O Nc6 7.d5 Na5 8.Nfd2 c5
9.Nc3 e6 10.Qc2 exd5 11.cxd5 Re8 12.b3 b5 13.Bb2 b4 14.Nce4 Bf5 15.Nxf6+ Qxf6
16.Bxf6 Bxc2 17.Bxg7 Kxg7 18.Rac1 Bf5 19.e4 Bd7 20.Rfe1 Rac8 21.Bf1 Rc7 22.f4 f6
23.Kf2 Nb7 24.Ba6 Nd8 25.Nc4 Nf7 26.Re3 Bc8 27.Bxc8 Rcxc8 28.Re2 Red8 29.Na5 Rd7
30.Kf3 Rb8 31.Nc6 Rb5 32.Rd2 a5 33.Ke3 Nd8 34.Kd3 c4+ 35.bxc4 Rc5 36.Nd4 Kf7
37.Nb3 Rcc7 38.Nxa5 Ra7 39.Nb3 Ra3 40.c5 dxc5 41.Rxc5 f5 42.e5 Ne6 43.Rb5 Nc7
44.Rb7 Rxd5+ 45.Kc4 Rxb3 46.Rxd5  1-0

[Event "AUT-chT2W 9697"]
[Site "Austria"]
[Date "1996.??.??"]
[Round "5"]
[White "Pierecker, Markus"]
[Black "Peterwagner, Heinz"]
[Result "1/2-1/2"]
[WhiteElo "2250"]
[BlackElo "2185"]

1.d4 Nf6 2.Nf3 g6 3.c4 Bg7 4.g3 O-O 5.Bg2 d6 6.O-O Nbd7 7.Nc3 c6 8.b3 Re8
9.Bb2 Qc7 10.e4 e5 11.d5 Nc5 12.Ne1 a5 13.Nd3 Nfd7 14.Ba3 Nxd3 15.Qxd3 c5
16.Bb2 Nf6 17.Rae1 Qe7 18.Nb5 Rb8 19.f4 Nd7 20.Bh3 Nb6 21.Bxc8 Nxc8 22.Qf3 f6
23.Qg4 b6 24.h4 Bf8 25.fxe5 fxe5 26.Bc1 Rb7 27.Rf2 Bg7 28.Ref1 Qd7 29.Qxd7 Rxd7
30.a4 Rf8 31.Rxf8+ Bxf8 32.Kg2 Rf7 33.Rxf7 Kxf7 34.Kf3 Bg7 35.Kg4 Bf8 36.Bg5 h5+
37.Kf3 Be7 38.g4 Bf6 39.Kg3 Bxg5 40.hxg5 hxg4 41.Kxg4 Kg7  1/2-1/2

[Event "AUT-chT9697"]
[Site "Austria"]
[Date "1996.??.??"]
[Round "11"]
[White "Brestian, Egon"]
[Black "Fauland, Alexander"]
[Result "0-1"]
[WhiteElo "2455"]
[BlackElo "2435"]

1.d4 Nf6 2.Nf3 g6 3.c4 Bg7 4.g3 O-O 5.Bg2 d6 6.O-O c6 7.Nc3 a6 8.d5 cxd5
9.cxd5 Nbd7 10.h3 Nb6 11.Bf4 Bd7 12.Rc1 Nc4 13.b3 Na3 14.Nd4 Qa5 15.Bd2 Rfc8
16.Nb1 Qb6 17.Nxa3 Qxd4 18.Be3 Qxd1 19.Rfxd1 b5 20.Nc2 Kf8 21.Nd4 Rxc1 22.Rxc1 Rc8
23.Nc6 Bf5 24.Bd4 Ne8 25.Bxg7+ Kxg7 26.a4 Bd7 27.axb5 axb5 28.Ra1 Bxc6 29.dxc6 Nc7
30.Ra7 Kf6 31.f4 Ke6 32.Rb7 d5 33.e4 dxe4 34.Bxe4 Kd6 35.Kf2 Ra8 36.h4 f5
37.Bf3 Ra2+ 38.Ke1 Rb2 39.Rb8 Rxb3 40.Rd8+ Ke6 41.Ke2 Rc3 42.Rd7 Ne8 43.Bd5+ Kf6
44.Rd8 Nc7 45.Rd7 Na6 46.Rb7 Rc5 47.Bf3 Ke6 48.Kd2 Nb4 49.c7 Kd7 50.c8=Q+ Kxc8
51.Rxe7 Rc7 52.Re8+ Kd7 53.Re5 Rc2+ 54.Kd1 Rc3 55.Be2 Rxg3 56.Rxb5 Na2 57.Rb7+ Kd6
58.Rxh7 Nc3+ 59.Kd2 Ne4+ 60.Kc2 Nf6 61.Rh6 Nd5 62.Bb5 Nxf4 63.Kd2 Kc5 64.Be8 Kd4
65.Kc2 Ke5 66.Rh7 Rh3 67.Kd2 Rd3+ 68.Ke1 Rd8 69.Bb5 Rb8 70.Ba6 Rb6 71.Bc8 Nh5
72.Ra7 Kf4 73.Ra5 Ng3 74.Kf2 Rb2+ 75.Kg1 Kg4 76.Ba6 Kxh4 77.Ra3 g5 78.Bd3 g4  0-1

[Event "AUT-chT9596"]
[Site "?"]
[Date "1996.??.??"]
[Round "?"]
[White "Brestian, Egon"]
[Black "Stanec, Nikolaus"]
[Result "1/2-1/2"]
[WhiteElo "2450"]
[BlackElo "2490"]

1.d4 Nf6 2.Nf3 g6 3.g3 Bg7 4.Bg2 O-O 5.c4 d6 6.O-O Nc6 7.d5 Nb8 8.Nc3 c6
9.Be3 Bd7 10.Qd2 Na6 11.Bh6 cxd5 12.Bxg7 Kxg7 13.Nxd5 Nxd5 14.Qxd5 Qb6 15.b3 Bc6
16.Qg5 Rae8 17.h4 Qc5 18.Qd2 Nc7 19.Rac1 Ne6 20.Rfd1 a6 21.a4 a5 22.Nd4 Nxd4
23.Qxd4+ Qxd4 24.Rxd4 Rc8 25.Rcd1 Rc7 26.e4 Ra8 27.f3 Ra6 28.Kf2 Rb6 29.R4d3 Be8
30.Re3 e6 31.f4 Kf8 32.Bf3 Rc5 33.Rd2 Ke7 34.Bd1 e5  1/2-1/2